| 000 | 00624nam a22001337a 4500 | ||
|---|---|---|---|
| 040 | _cRUA | ||
| 082 | _aAVM NGE 2015 B505 Or.1 | ||
| 100 | _aNGET TEAV, ង៉ែត ទាវ | ||
| 245 | _aStudy on prevalence of gastrointestinal parasites pigs at tram kak district takeo province, សិក្សាកម្រិតជីវភាពរាលដាលបរាសិតក្នុងក្រពះពោះវៀនជ្រូកនៅស្រុកត្រាំកក់ ខេត្តតាកែវ | ||
| 260 |
_aPhnom Penh _bRUA _c2015 |
||
| 300 |
_aix; 49p. _bill. _c29cm. |
||
| 856 | _u NGET TEAV | ||
| 942 | _cAVM | ||
| 999 |
_c8765 _d8765 |
||